Catastrophe theory

Saved in:
Bibliographic Details
Main Author: Arnol'd, V. I. (Vladimir Igorevich), 1937-2010
Other Authors: Wassermann, G. S. (Translator)
Format: Book
Language:English
Russian
Published: Berlin : New York : Springer-Verlag, c1992.
Edition:3η εκδ.
Subjects:
Tags: Add Tag
No Tags, Be the first to tag this record!

MARC

LEADER 00000cam a2200000 i 4500
001 1/18062
008 941103s1992 gw | ||| |||| ||eng||
020 |a 3540548114 
020 |a 0387548114  
035 |l 10066360 
035 |a 1993  |c ΧΑΡΑΛΑΜΠΟΥΣ 
040 |a GR-MyUA  |b gre  |e AACR2 
041 1 |a eng  |h rus 
082 0 |a 514.74  |2 (20) 
100 1 |a Arnol'd, V. I.   |q (Vladimir Igorevich),   |d 1937-2010. 
245 1 0 |a Catastrophe theory /   |c V.I. Arnold ; translated from the Russian by G.S. Wassermann ; based on a translation by R.K. Thomas.  
250 |a 3η εκδ.  
260 |a Berlin :   |a New York :   |b Springer-Verlag,   |c c1992.  
300 |a xiii, 150 σ. :   |b εικ. ;   |c 20 εκ.  
500 |a Τίτλος πρωτοτύπου: Teoriia katastrof.  
504 |a Βιβλιογραφία: σ. 129-150.  
650 0 0 |a Catastrophes (Mathematics) 
700 1 |a Wassermann, G. S.  |e trl 
767 0 8 |i Μεταφρασμένο ως:   |t Θεωρία καταστροφών /  
852 |a INST  |b LESVOS  |e 20010307  |h 514.74 ARN  |p 005100029072  |q 005100029072  |t BK  |y 0 
852 |a INST  |b SAMOS  |e 19941103  |h 514.74 ARN  |p 005300003218  |q 005300003218  |t BK  |y 0 
909 |a Σ  |b 032192 
909 |a Λ  |b 086785 
922 |a 1ΕΛΗ  |b 200102  |c ΤΑΚ/ΤΕΘ  |d Μιχαλόπουλος 
950 |a 134-2000-12-06